Quiz constructeurs automobiles - Statistiques

Statistiques générales
  • Ce quiz a été pris 1 830 fois
  • Le résultat moyen est 27 sur 28
Statistiques - réponses
Par images Réponse % Correct
Ferrari
100%
Volvo
100%
Jaguar
99%
Mercedes
99%
Nissan
99%
Tesla
99%
BMW
98%
Honda
98%
Renault
98%
Audi
97%
Citroen
97%
Porsche
97%
Toyota
97%
Chevrolet
96%
Jeep
96%
Lamborghini
96%
Suzuki
96%
Aston Martin
95%
Peugeot
95%
Bugatti
94%
Alfa romeo
93%
Dacia
93%
Kia
93%
Lexus
93%
Volkswagen
93%
Rolls Royce
92%
Seat
92%
Mitsubishi
87%
Aucun quiz correspondant
Distribution des résultats
% des personnes avec chaque résultat
Percentile par nombre de réponses
Votre historique - résultats
Vous n’avez pas pris ce quiz